| 000 | 00950nam a2200277Ia 4500 | ||
|---|---|---|---|
| 003 | OSt | ||
| 005 | 20250830093655.0 | ||
| 008 | 210210b2000 xxu||||| |||| 00| 0 eng d | ||
| 040 | _cAL | ||
| 041 | _aKannada | ||
| 082 | _aK494.3 SHES | ||
| 100 |
_aSHESHAGIRIRAV (L S). _dಶೇಷಗಿರಿರಾವ್ (ಎಲ್ ಎಸ್) _9237547 |
||
| 245 |
_aSubhas kannada-kannada-english and english-kannada nighantu _bಸುಭಾಷ್ ಕನ್ನಡ - ಕನ್ನಡ - ಇಂಗ್ಲಿಷ್ ಮತ್ತು ಇಂಗ್ಲಿಷ್- ಕನ್ನಡ ನಿಘಂಟು |
||
| 250 | _a3 | ||
| 260 |
_aBangalore. _bSubhas Stationers., _c2000 |
||
| 300 | _a694 | ||
| 650 |
_aSubhas _9237548 |
||
| 650 |
_anighantu. _9237549 |
||
| 650 |
_akannada-kannada-english _9237550 |
||
| 650 |
_aenglish-kannada _9237551 |
||
| 650 |
_aEd _9237552 |
||
| 650 |
_a3. _9237553 |
||
| 690 |
_aKannada Dictionary _9237554 |
||
| 906 | _a057017 | ||
| 942 |
_2ddc _cBK |
||
| 999 |
_c104227 _d104227 |
||